00514nam a2200145 a 450000100100000000500170001000800410002704000250006824500360009326000730012930000350020204900090023795201050024699900170035100003192420200930063303.0110707s2001 dr ac 000 0 spa d aDO-SdBNPbspacBNPHU00aMemoria de un año de trabajo. a[Santo Domingo ] :bInstituto de Acción Comunitaria (IDAC),c2001. a49 p. :bil., retrs. ;c29 cm. aBNPD 0010718PDaPDbPDcCTd2011-07-07iLF1l0o p31924-10r2020-06-25w2020-06-25yLFPDZNo se presta c31415d31415